Kashir being a history of kashmir : (Record no. 137041)

MARC details
000 -LEADER
fixed length control field 00650nam a22001937a 4500
010 ## - LIBRARY OF CONGRESS CONTROL NUMBER
LC control number 723091
035 ## - SYSTEM CONTROL NUMBER
System control number 723091
037 ## - SOURCE OF ACQUISITION
Source of stock number/acquisition Cen Lib / Ret
040 ## - CATALOGING SOURCE
Original cataloging agency DPL
Language of cataloging EN
082 ## - DEWEY DECIMAL CLASSIFICATION NUMBER
Classification number 954.11
Item number SUF
100 ## - MAIN ENTRY--PERSONAL NAME
Personal name Sufi, G. M. D.
245 ## - TITLE STATEMENT
Title Kashir being a history of kashmir :
Remainder of title from the earliest times to our own /
Statement of responsibility, etc by G. M. D. Sufi
260 ## - PUBLICATION, DISTRIBUTION, ETC. (IMPRINT)
Place of publication, distribution, etc Lucknow
Name of publisher, distributor, etc Light & Life Publishers
Date of publication, distribution, etc 1974
270 ## - ADDRESS
Address C-132, Dayanand Colony, Lajpat Nagar IV
City New Delhi
Postal code 110024
300 ## - PHYSICAL DESCRIPTION
Extent xxvii, 148p
Dimensions 27cm(Hb)
650 ## - SUBJECT ADDED ENTRY--TOPICAL TERM
Topical term or geographic name as entry element Jammu and Kashmir (India) -- History.
650 ## - SUBJECT ADDED ENTRY--TOPICAL TERM
Topical term or geographic name as entry element India -- Jammu and Kashmir.
942 ## - ADDED ENTRY ELEMENTS (KOHA)
Source of classification or shelving scheme Dewey Decimal Classification
Koha item type English Books
Classification part 954.11
Call number suffix SUF
Holdings
Withdrawn status Lost status Damaged status Not for loan Home library Current library Date acquired Source of acquisition Total Checkouts Full call number Barcode Date last seen Copy number Price effective from Koha item type
        Central Library Central Library 15/03/2016 Cen Lib/Ret   954.11 SUF 723091 15/03/2016 1 15/03/2016 English Books

© Delhi Public Library
Hit Counter
free hit counter